000 00587cam a22002051 4500
001 af 48005215
003 DLC
005 20260227110912.0
008 810506s1934 gw ac 000 0 ger c
010 _aaf 48005215
035 _a(OCoLC)7397030
040 _aColumbia Univ. Libraries
_cNBuU
_dNBuU
_dDLC
042 _apremarc
050 0 0 _aHQ1638
_b.D5
100 1 _aDiel, Louise,
_d1893-
245 0 0 _aFrau im fascistischen Italien.
_cMit 56 Bildern in Kupfertiefdruck.
260 _aBerlin,
_bR. Hobbing
_c[1934]
300 _a168 p.
_billus., ports.
_c24 cm.
650 0 _aWomen
_zItaly.
999 _c6406
_d6406